000 00340nam a22001457a 4500
003 OSt
005 20160727222344.0
008 160620b xxu||||| |||| 00| 0 eng d
040 _cTest
100 _9176
_aWiseman, B
245 _aMorris Goes to School
260 _aN.Y
_b New Field
_c1970
300 _aMorris Goes to School
942 _2ddc
_cBK
999 _c144
_d144